[Event "17. Open de Sants Hostafrancs 2015"]
[Site "Barcelona ESP"]
[Date "2015.08.28"]
[Round "8.51"]
[White "Malassagne, Isabelle"]
[Black "Zude, Erik"]
[Result "1/2-1/2"]
[WhiteElo "2171"]
[BlackElo "2398"]
[PlyCount "115"]
[EventDate "2015.08.21"]
[EventType "swiss"]
[EventRounds "10"]
[EventCountry "ESP"]
[SourceTitle "Ajedrez en Madrid"]
[Source "lmi"]
[SourceDate "2015.08.21"]

1. e4 e5 2. Nf3 d6 3. d4 exd4 4. Nxd4 Nf6 5. Nc3 Be7 6. g3 O-O 7. Bg2 Re8 8.
O-O Bf8 9. Bf4 Nbd7 10. Qd2 Ne5 11. Rad1 c6 12. b3 h6 13. h3 b5 14. Rfe1 b4 15.
Na4 Qc7 16. c4 a6 17. Nc2 a5 18. Nd4 Bb7 19. Qc2 Ng6 20. Bc1 c5 21. Nf5 Re6 22.
f3 Bc6 23. Bb2 Ne5 24. Re2 g6 25. Ne3 Ree8 26. Red2 Rad8 27. Ba1 Bg7 28. Nb2 h5
29. Nd3 h4 30. g4 Ned7 31. Nf4 Bh6 32. Nfd5 Bxd5 33. Nxd5 Nxd5 34. Rxd5 Bf4 35.
Qf2 Bg3 36. Qe3 Kh7 37. f4 Nb6 38. R5d2 d5 39. cxd5 Bxf4 40. Qf2 g5 41. d6 Qc8
42. e5 Nd7 43. Rd5 Kg8 44. Rf1 Re6 45. Qe1 c4 46. Rxf4 gxf4 47. Bd4 cxb3 48.
axb3 Qc2 49. Rxa5 Rc8 50. Bd5 Qd3 51. Bb2 Rc2 52. Be4 Qe2 53. Qxe2 Rxe2 54. Bf5
Rxb2 55. Ra8+ Kg7 56. Bxe6 Nxe5 57. d7 Nf3+ 58. Kf1 1/2-1/2

[Event "17. Open de Sants Hostafrancs 2015"]
[Site "Barcelona ESP"]
[Date "2015.08.28"]
[Round "8.52"]
[White "Majdan-Gajewska, Joanna"]
[Black "Locatelli, Andrea"]
[Result "1/2-1/2"]
[WhiteElo "2391"]
[BlackElo "2171"]
[PlyCount "78"]
[EventDate "2015.08.21"]
[EventType "swiss"]
[EventRounds "10"]
[EventCountry "ESP"]
[SourceTitle "Ajedrez en Madrid"]
[Source "lmi"]
[SourceDate "2015.08.21"]

1. e4 c5 2. Nf3 e6 3. d4 cxd4 4. Nxd4 a6 5. c4 Nf6 6. Nc3 Bb4 7. Qd3 Qc7 8. Be2
Nc6 9. Nxc6 bxc6 10. a3 Be7 11. Be3 c5 12. f4 d6 13. O-O Rb8 14. Rab1 O-O 15.
b4 cxb4 16. Rxb4 d5 17. cxd5 exd5 18. e5 Bf5 19. Qxf5 Qxc3 20. Qd3 Ne4 21. Rc1
Qxd3 22. Bxd3 Rxb4 23. axb4 Bxb4 24. Bxa6 Nc3 25. Bd4 Ne4 26. Bb7 Bd2 27. Rc7
Bxf4 28. g3 Bh6 29. Bxd5 Ng5 30. Bc5 Re8 31. Kf2 Ne6 32. Bxe6 fxe6 33. Kf3 g6
34. Ke4 Ra8 35. Be7 Bf8 36. Kf4 h6 37. h4 Bg7 38. Ke4 Bf8 39. Kf4 Bg7 1/2-1/2

[Event "17. Open de Sants Hostafrancs 2015"]
[Site "Barcelona ESP"]
[Date "2015.08.28"]
[Round "8.53"]
[White "Vuilleumier, Alexandre"]
[Black "Nordenbaek, Jan"]
[Result "1-0"]
[WhiteElo "2357"]
[BlackElo "2134"]
[PlyCount "47"]
[EventDate "2015.08.21"]
[EventType "swiss"]
[EventRounds "10"]
[EventCountry "ESP"]
[SourceTitle "Ajedrez en Madrid"]
[Source "lmi"]
[SourceDate "2015.08.21"]

1. e4 c5 2. Nf3 Nc6 3. Bb5 g6 4. Bxc6 bxc6 5. O-O Bg7 6. Re1 e5 7. c3 d6 8. d4
cxd4 9. cxd4 f6 10. dxe5 fxe5 11. Bg5 Bf6 12. Be3 Be6 13. Nc3 Ne7 14. Ng5 Bxg5
15. Bxg5 O-O 16. Qd2 Qd7 17. Rad1 Nc8 18. Re3 Rb8 19. b3 Rb7 20. Rg3 Rb4 21.
Rd3 Qf7 22. Bh6 Re8 23. Rf3 Qb7 24. Qg5 1-0

[Event "17. Open de Sants Hostafrancs 2015"]
[Site "Barcelona ESP"]
[Date "2015.08.28"]
[Round "8.54"]
[White "Delorme, Alban"]
[Black "Carrasco Rodriguez, Jesus"]
[Result "0-1"]
[WhiteElo "2331"]
[BlackElo "2168"]
[PlyCount "57"]
[EventDate "2015.08.21"]
[EventType "swiss"]
[EventRounds "10"]
[EventCountry "ESP"]
[SourceTitle "Ajedrez en Madrid"]
[Source "lmi"]
[SourceDate "2015.08.21"]

1. e4 Nf6 2. e5 Nd5 3. d4 d6 4. Nf3 dxe5 5. Nxe5 c6 6. Be2 Bf5 7. g4 Be6 8. f4
f6 9. Nd3 Na6 10. O-O Bf7 11. b3 e6 12. c4 Nc3 13. Nxc3 Qxd4+ 14. Kh1 Qxc3 15.
Bb2 Qa5 16. Bf3 Be7 17. a3 h6 18. Qe2 Qc7 19. f5 exf5 20. Nb4 Nxb4 21. axb4 O-O
22. gxf5 Bxb4 23. Rg1 Be8 24. Qe6+ Kh8 25. Qe3 Qe7 26. Qf4 Rd8 27. Bd4 Bc5 28.
Bxc5 Qxc5 29. Rae1 {ilegible} 0-1

[Event "17. Open de Sants Hostafrancs 2015"]
[Site "Barcelona ESP"]
[Date "2015.08.28"]
[Round "8.55"]
[White "Moreno Martin, Daniel"]
[Black "Villegas, Pierre"]
[Result "0-1"]
[WhiteElo "2186"]
[BlackElo "2323"]
[PlyCount "76"]
[EventDate "2015.08.21"]
[EventType "swiss"]
[EventRounds "10"]
[EventCountry "ESP"]
[SourceTitle "Ajedrez en Madrid"]
[Source "lmi"]
[SourceDate "2015.08.21"]

1. e4 c6 2. Nc3 d5 3. Nf3 Bg4 4. h3 Bxf3 5. Qxf3 Nf6 6. d3 e6 7. a3 Nbd7 8. g3
g6 9. Bg2 Bg7 10. O-O O-O 11. Qe2 d4 12. Nb1 e5 13. a4 Ne8 14. b3 Nd6 15. f4
Re8 16. Nd2 exf4 17. gxf4 Nf5 18. Rf2 Ne3 19. Nc4 Qc7 20. Ba3 Nb6 21. Nxb6 axb6
22. e5 f6 23. exf6 Bxf6 24. Be4 b5 25. Bb4 bxa4 26. Rxa4 Rxa4 27. bxa4 Qb6 28.
Bd2 Kg7 29. Bxe3 dxe3 30. Rf1 Bh4 31. Kg2 Bf2 32. c4 Rf8 33. a5 Qxa5 34. Rb1
Rxf4 35. Rxb7+ Kh6 36. Bd5 cxd5 37. Qb2 d4 38. Rb5 Qe1 0-1

[Event "17. Open de Sants Hostafrancs 2015"]
[Site "Barcelona ESP"]
[Date "2015.08.28"]
[Round "8.56"]
[White "Calvo Simon, Jorge"]
[Black "Iglesias, Joachim"]
[Result "0-1"]
[WhiteElo "2169"]
[BlackElo "2319"]
[PlyCount "92"]
[EventDate "2015.08.21"]
[EventType "swiss"]
[EventRounds "10"]
[EventCountry "ESP"]
[SourceTitle "Ajedrez en Madrid"]
[Source "lmi"]
[SourceDate "2015.08.21"]

1. e4 d6 2. d4 Nf6 3. Nc3 c6 4. f4 Qa5 5. Bd3 e5 6. Nf3 exd4 7. Nxd4 g6 8. h3
Bg7 9. Be3 O-O 10. O-O a6 11. Qd2 Nbd7 12. f5 c5 13. Nb3 Qc7 14. Be2 b5 15.
fxg6 hxg6 16. Bf4 Ne5 17. Rad1 c4 18. Nc1 Bb7 19. Qxd6 Qxd6 20. Rxd6 Nxe4 21.
Nxe4 Bxe4 22. c3 Rfe8 23. a4 Bf8 24. Rd2 Bc5+ 25. Kh1 Kg7 26. b3 Rac8 27. Bg5
Re6 28. axb5 axb5 29. Bd1 f6 30. Bf4 Nd3 31. Ne2 Nf2+ 32. Kh2 g5 33. Rd7+ Kg6
34. bxc4 Nxd1 35. Rdxd1 bxc4 36. Bg3 Bd3 37. Rxd3 cxd3 38. Nc1 d2 39. Nd3 Bd6
40. Bxd6 Rxd6 41. Nf2 Rxc3 42. Ne4 Rcd3 43. Nxd6 Rxd6 44. Rd1 Kf5 45. g3 Ke4
46. Kg2 Kd3 0-1

[Event "17. Open de Sants Hostafrancs 2015"]
[Site "Barcelona ESP"]
[Date "2015.08.28"]
[Round "8.57"]
[White "Morales, Jhon Alexander"]
[Black "Martorell Aguado, Joan"]
[Result "0-1"]
[WhiteElo "2308"]
[BlackElo "2165"]
[PlyCount "80"]
[EventDate "2015.08.21"]
[EventType "swiss"]
[EventRounds "10"]
[EventCountry "ESP"]
[SourceTitle "Ajedrez en Madrid"]
[Source "lmi"]
[SourceDate "2015.08.21"]

1. e4 c5 2. Nf3 d6 3. d4 cxd4 4. Nxd4 Nf6 5. Nc3 Nc6 6. f3 e5 7. Nb3 Be6 8. Be3
Be7 9. Nd5 Bxd5 10. exd5 Nb8 11. Qd2 O-O 12. Be2 Nbd7 13. Na5 Qc7 14. b4 Bd8
15. c4 Qc8 16. Nb3 a5 17. bxa5 b6 18. Qb4 Qb8 19. Bd1 Bc7 20. a6 Rxa6 21. O-O
Nc5 22. Nxc5 bxc5 23. Qd2 Ba5 24. Qd3 Ne8 25. f4 exf4 26. Bxf4 Qb2 27. Bb3 Bc3
28. Rac1 Be5 29. Be3 g6 30. Rc2 Qa3 31. Rcf2 Ng7 32. Kh1 Nf5 33. Rxf5 gxf5 34.
Qxf5 Ra7 35. Bh6 Re8 36. Bd1 f6 37. Bh5 Rb8 38. g3 Qxa2 39. Re1 Kh8 40. Bf4 Qf2
0-1

[Event "17. Open de Sants Hostafrancs 2015"]
[Site "Barcelona ESP"]
[Date "2015.08.28"]
[Round "8.58"]
[White "Podvin, Francois-Xavier"]
[Black "Olivares Canelles, Francisco"]
[Result "0-1"]
[WhiteElo "2151"]
[BlackElo "2305"]
[PlyCount "94"]
[EventDate "2015.08.21"]
[EventType "swiss"]
[EventRounds "10"]
[EventCountry "ESP"]
[SourceTitle "Ajedrez en Madrid"]
[Source "lmi"]
[SourceDate "2015.08.21"]

1. e4 c6 2. d4 d5 3. Nc3 dxe4 4. Nxe4 Bf5 5. Ng3 Bg6 6. h4 h6 7. Nf3 Nd7 8. h5
Bh7 9. Bd3 Bxd3 10. Qxd3 e6 11. Bd2 Ngf6 12. O-O-O Be7 13. Kb1 c5 14. dxc5 Rc8
15. Ne4 Nxc5 16. Nxf6+ Bxf6 17. Qxd8+ Rxd8 18. Be3 b6 19. Rxd8+ Kxd8 20. Rd1+
Kc8 21. c3 Re8 22. Nd4 a6 23. Kc2 Kc7 24. b4 Ne4 25. f3 Nd6 26. Kb3 e5 27. Nc2
Nf5 28. g4 Nh4 29. f4 e4 30. a4 Nf3 31. c4 Nh2 32. g5 hxg5 33. fxg5 Be5 34. c5
bxc5 35. Bxc5 Nf3 36. h6 Nxg5 37. hxg7 Bxg7 38. Ne3 Ne6 39. Rf1 Nxc5+ 40. bxc5
Bd4 41. Nd5+ Kc6 42. Kc4 Bxc5 43. Rxf7 e3 44. Rf6+ Bd6 45. Nb4+ Kd7 46. Nd3 e2
47. Kd5 Re5+ 0-1

[Event "17. Open de Sants Hostafrancs 2015"]
[Site "Barcelona ESP"]
[Date "2015.08.28"]
[Round "8.59"]
[White "Dubois, Pierre"]
[Black "Cervello Tost, Ferran"]
[Result "0-1"]
[WhiteElo "2117"]
[BlackElo "2303"]
[PlyCount "82"]
[EventDate "2015.08.21"]
[EventType "swiss"]
[EventRounds "10"]
[EventCountry "ESP"]
[SourceTitle "Ajedrez en Madrid"]
[Source "lmi"]
[SourceDate "2015.08.21"]

1. e4 g6 2. d4 Bg7 3. Nf3 c6 4. c4 d6 5. Be2 Nd7 6. O-O e5 7. Nc3 Ngf6 8. dxe5
dxe5 9. Qd6 Qe7 10. Qxe7+ Kxe7 11. b3 Rd8 12. Ba3+ Ke8 13. Bd6 Nf8 14. Bxe5 Bg4
15. Rad1 Ne6 16. h3 Bxf3 17. Bxf3 Nc5 18. Bd6 Ne6 19. e5 Ng8 20. Rfe1 Rd7 21.
Ne4 Rad8 22. Bg4 b6 23. f4 h6 24. g3 c5 25. Nc3 Rxd6 26. Rxd6 Rxd6 27. exd6
Bxc3 28. Re2 Kd7 29. Bxe6+ fxe6 30. Kg2 Kxd6 31. Kf3 Ne7 32. Rc2 Bd4 33. Ke4 a6
34. Rd2 Ng8 35. Rd1 Nf6+ 36. Kf3 Ne8 37. Ke4 Ke7 38. Rd2 Nd6+ 39. Kf3 Bf6 40.
Rc2 a5 41. g4 g5 0-1

[Event "17. Open de Sants Hostafrancs 2015"]
[Site "Barcelona ESP"]
[Date "2015.08.28"]
[Round "8.60"]
[White "Balague Camps, Marc"]
[Black "Pogorelov, Ruslan"]
[Result "0-1"]
[WhiteElo "2115"]
[BlackElo "2302"]
[PlyCount "100"]
[EventDate "2015.08.21"]
[EventType "swiss"]
[EventRounds "10"]
[EventCountry "ESP"]
[SourceTitle "Ajedrez en Madrid"]
[Source "lmi"]
[SourceDate "2015.08.21"]

1. d4 Nf6 2. c4 e6 3. Nc3 Bb4 4. e3 O-O 5. Nge2 d5 6. a3 Bd6 7. Ng3 c6 8. e4 e5
9. cxd5 exd4 10. Qxd4 Re8 11. Bg5 Be5 12. Qd2 Bxc3 13. bxc3 Nxe4 14. Nxe4 Rxe4+
15. Be2 Qxd5 16. Qxd5 cxd5 17. Rd1 Nc6 18. Rxd5 Be6 19. Rd2 Ra4 20. O-O Rxa3
21. c4 Rc3 22. h3 h6 23. Be3 Bxc4 24. Bxc4 Rxc4 25. Rd7 a5 26. Rb1 Rb4 27. Rxb4
Nxb4 28. Bc5 b5 29. Bxb4 axb4 30. Rd4 b3 31. Rb4 Rb8 32. Kf1 Kf8 33. Ke2 Ke7
34. Kd3 Kd6 35. Kc3 Rc8+ 36. Kxb3 Rc5 37. Rf4 f5 38. Rf3 g5 39. g4 f4 40. h4
Ke5 41. hxg5 hxg5 42. Kb4 Rc2 43. Kxb5 Ke4 44. Rh3 Rxf2 45. Rh5 Rg2 46. Rxg5
Kf3 47. Kc4 Rxg4 48. Ra5 Rg1 49. Kc3 Rd1 50. Kc2 Rd8 0-1

[Event "17. Open de Sants Hostafrancs 2015"]
[Site "Barcelona ESP"]
[Date "2015.08.28"]
[Round "8.61"]
[White "Arias Igual, Alejandro"]
[Black "Dominguez Rueda, Juan"]
[Result "0-1"]
[WhiteElo "2302"]
[BlackElo "2104"]
[PlyCount "92"]
[EventDate "2015.08.21"]
[EventType "swiss"]
[EventRounds "10"]
[EventCountry "ESP"]
[SourceTitle "Ajedrez en Madrid"]
[Source "lmi"]
[SourceDate "2015.08.21"]

1. d4 Nf6 2. c4 e6 3. Nf3 Bb4+ 4. Bd2 Qe7 5. g3 Bxd2+ 6. Qxd2 d6 7. Bg2 O-O 8.
O-O e5 9. Nc3 Re8 10. e4 Bg4 11. d5 c6 12. Nh4 cxd5 13. exd5 Na6 14. Rae1 Qc7
15. b3 Nc5 16. f3 Bd7 17. Ne4 Nfxe4 18. fxe4 b5 19. cxb5 Bxb5 20. Rf3 Bd7 21.
Qf2 Rf8 22. b4 Na4 23. Nf5 Bxf5 24. exf5 f6 25. Bf1 Qb7 26. Qd2 Rac8 27. Ra3
Qd7 28. Ba6 Rc7 29. Rc1 Nb6 30. Rxc7 Qxc7 31. Rc3 Qd7 32. Qc2 Rf7 33. Rc6 h6
34. Qe4 Rf8 35. Qc2 e4 36. Qxe4 Re8 37. Qc2 Qe7 38. Bf1 Qe5 39. Rc7 Kh7 40.
Rxa7 Nxd5 41. Rb7 Qa1 42. Qf2 Ne3 43. Qf3 Nxf1 44. Kg2 Nd2 45. Qf4 Qxa2 46. Kh3
Ne4 0-1

[Event "17. Open de Sants Hostafrancs 2015"]
[Site "Barcelona ESP"]
[Date "2015.08.28"]
[Round "8.62"]
[White "Porta Tovar, Guillem"]
[Black "Congiu, Mathilde"]
[Result "1-0"]
[WhiteElo "2095"]
[BlackElo "2301"]
[PlyCount "67"]
[EventDate "2015.08.21"]
[EventType "swiss"]
[EventRounds "10"]
[EventCountry "ESP"]
[SourceTitle "Ajedrez en Madrid"]
[Source "lmi"]
[SourceDate "2015.08.21"]

1. e4 c5 2. Nf3 d6 3. d3 g6 4. g3 Bg7 5. Bg2 Nc6 6. O-O Nh6 7. c3 O-O 8. Nfd2
e5 9. Nc4 f5 10. f4 Be6 11. Nba3 Qd7 12. Nb5 fxe4 13. Nbxd6 Bxc4 14. dxc4 Rad8
15. fxe5 Nf7 16. Qd5 Ncxe5 17. Nxb7 Nxc4 18. Qxc4 Qxb7 19. Bxe4 Qe7 20. Bd5 Rd7
21. Bf4 Kh8 22. Rae1 Qd8 23. Bc6 Re7 24. Qxc5 Rxe1 25. Rxe1 g5 26. Be3 Ne5 27.
Be4 g4 28. Bf4 Re8 29. Qf2 Qa5 30. Bc6 Rc8 31. b4 Qc7 32. b5 Rf8 33. Bxe5 Qxe5
34. Qxf8+ 1-0

[Event "17. Open de Sants Hostafrancs 2015"]
[Site "Barcelona ESP"]
[Date "2015.08.28"]
[Round "8.63"]
[White "Vinas Racionero, Josep"]
[Black "Sonis, Francesco"]
[Result "0-1"]
[WhiteElo "1966"]
[BlackElo "2285"]
[PlyCount "46"]
[EventDate "2015.08.21"]
[EventType "swiss"]
[EventRounds "10"]
[EventCountry "ESP"]
[SourceTitle "Ajedrez en Madrid"]
[Source "lmi"]
[SourceDate "2015.08.21"]

1. e4 c5 2. Nf3 d6 3. d4 cxd4 4. Nxd4 Nf6 5. Nc3 a6 6. g3 e5 7. Nde2 b5 8. Bg2
Bb7 9. Bg5 Nbd7 10. O-O Be7 11. Bxf6 Nxf6 12. a3 O-O 13. Nc1 Rc8 14. Re1 Rc4
15. N1a2 Qa8 16. Nb4 Rfc8 17. Rc1 a5 18. Nbd5 Nxd5 19. Nxd5 Bxd5 20. exd5 Bg5
21. f4 exf4 22. h4 Qa7+ 23. Kh1 fxg3 0-1

[Event "17. Open de Sants Hostafrancs 2015"]
[Site "Barcelona ESP"]
[Date "2015.08.28"]
[Round "8.64"]
[White "Valencia Jimenez, Jose"]
[Black "Adel Lahchaichi, Oussama"]
[Result "0-1"]
[WhiteElo "2068"]
[BlackElo "2258"]
[PlyCount "58"]
[EventDate "2015.08.21"]
[EventType "swiss"]
[EventRounds "10"]
[EventCountry "ESP"]
[SourceTitle "Ajedrez en Madrid"]
[Source "lmi"]
[SourceDate "2015.08.21"]

1. d4 d5 2. c4 c6 3. Nf3 Nf6 4. Nc3 a6 5. cxd5 cxd5 6. Bg5 Ne4 7. Bh4 Qa5 8.
Qb3 e6 9. e3 Nc6 10. Bd3 f5 11. Rc1 Bd6 12. Bg3 Nxg3 13. hxg3 O-O 14. g4 Ne7
15. Ke2 fxg4 16. Bxh7+ Kf7 17. Ng5+ Ke8 18. Bd3 Qb4 19. Qc2 e5 20. Bg6+ Kd7 21.
dxe5 Bxe5 22. Na4 Nxg6 23. Nc5+ Ke7 24. Qxg6 Bf5 25. Qh5 Qxb2+ 26. Kd1 d4 27.
e4 d3 28. Re1 d2 29. Nd3 dxc1=Q+ 0-1

[Event "17. Open de Sants Hostafrancs 2015"]
[Site "Barcelona ESP"]
[Date "2015.08.28"]
[Round "8.65"]
[White "Boix Moreno, Daniel"]
[Black "Degro, Heiko"]
[Result "1-0"]
[WhiteElo "2253"]
[BlackElo "2070"]
[PlyCount "105"]
[EventDate "2015.08.21"]
[EventType "swiss"]
[EventRounds "10"]
[EventCountry "ESP"]
[SourceTitle "Ajedrez en Madrid"]
[Source "lmi"]
[SourceDate "2015.08.21"]

1. e4 c5 2. Nf3 d6 3. d4 cxd4 4. Nxd4 Nf6 5. Nc3 Nc6 6. Bg5 e6 7. Qd2 a6 8.
O-O-O h6 9. Be3 Nxd4 10. Qxd4 Qa5 11. Kb1 Be7 12. f3 b5 13. Qd2 b4 14. Ne2 e5
15. Nc1 Be6 16. Nb3 Qa4 17. g4 Rd8 18. Qf2 Qc6 19. Be2 Nd7 20. h4 a5 21. Nc1
Rc8 22. Rd2 a4 23. Nd3 d5 24. exd5 Bxd5 25. Rhd1 Be6 26. f4 e4 27. Nc1 b3 28.
cxb3 axb3 29. axb3 Bb4 30. f5 Bxd2 31. fxe6 fxe6 32. Bc4 Bxe3 33. Qxe3 Ne5 34.
Rd4 Nxg4 35. Qg3 h5 36. Rd6 Qc5 37. Rxe6+ Kd7 38. Rxe4 Rce8 39. Qd3+ Kc7 40.
Rf4 Rhf8 41. Bf7 Ne5 42. Qg3 Rxf7 43. Rxf7+ Kc8 44. Rxg7 Qd5 45. Qc3+ Nc6 46.
Rg5 Qe4+ 47. Ka2 Re7 48. Ra5 Rc7 49. Ra4 Qg6 50. Nd3 Qd6 51. Nc5 Nb4+ 52. Qxb4
Rxc5 53. Qxc5+ 1-0

[Event "17. Open de Sants Hostafrancs 2015"]
[Site "Barcelona ESP"]
[Date "2015.08.28"]
[Round "8.66"]
[White "Ossa, Orlando"]
[Black "Jareno Badenas, Aleix"]
[Result "1-0"]
[WhiteElo "2249"]
[BlackElo "2057"]
[PlyCount "45"]
[EventDate "2015.08.21"]
[EventType "swiss"]
[EventRounds "10"]
[EventCountry "ESP"]
[SourceTitle "Ajedrez en Madrid"]
[Source "lmi"]
[SourceDate "2015.08.21"]

1. e4 e6 2. d4 d5 3. Nd2 Nf6 4. e5 Nfd7 5. Bd3 c5 6. c3 Nc6 7. Ndf3 cxd4 8.
cxd4 f6 9. exf6 Nxf6 10. Nh3 Bd6 11. O-O O-O 12. Re1 Qc7 13. Nhg5 e5 14. dxe5
Nxe5 15. Bxh7+ Nxh7 16. Rxe5 Nxg5 17. Rxg5 Be6 18. Nd4 Bf7 19. Nf5 Bxh2+ 20.
Kh1 Be5 21. Nh6+ Kh8 22. Nxf7+ Rxf7 23. Qh5+ 1-0

[Event "17. Open de Sants Hostafrancs 2015"]
[Site "Barcelona ESP"]
[Date "2015.08.28"]
[Round "8.67"]
[White "Le Ruyet, Leopold"]
[Black "Moreno Garcia, Elizabeth Paola"]
[Result "1-0"]
[WhiteElo "2240"]
[BlackElo "2016"]
[PlyCount "65"]
[EventDate "2015.08.21"]
[EventType "swiss"]
[EventRounds "10"]
[EventCountry "ESP"]
[SourceTitle "Ajedrez en Madrid"]
[Source "lmi"]
[SourceDate "2015.08.21"]

1. c4 Nf6 2. g3 g6 3. Bg2 Bg7 4. Nc3 d6 5. e4 Nbd7 6. Nge2 a5 7. O-O O-O 8. d3
c6 9. h3 Ne8 10. Be3 Nc7 11. f4 e5 12. d4 Qe7 13. fxe5 dxe5 14. d5 Na6 15. Nc1
Ndc5 16. Na4 Nxa4 17. Qxa4 f5 18. c5 fxe4 19. Rxf8+ Bxf8 20. d6 Qg7 21. Qxa5
Be6 22. Ne2 Qd7 23. Kh2 b6 24. Qxb6 Bc4 25. Nc3 Rb8 26. Nxe4 Bg7 27. Qa5 Rxb2
28. Nd2 Bd3 29. Rf1 Bxf1 30. Bxf1 Nb8 31. Bc4+ Kf8 32. Bb3 Bf6 33. Qc7 1-0

[Event "17. Open de Sants Hostafrancs 2015"]
[Site "Barcelona ESP"]
[Date "2015.08.28"]
[Round "8.68"]
[White "Micottis, Dorian"]
[Black "Arus Blanch, Daniel"]
[Result "1/2-1/2"]
[WhiteElo "2228"]
[BlackElo "2011"]
[PlyCount "85"]
[EventDate "2015.08.21"]
[EventType "swiss"]
[EventRounds "10"]
[EventCountry "ESP"]
[SourceTitle "Ajedrez en Madrid"]
[Source "lmi"]
[SourceDate "2015.08.21"]

1. e4 c5 2. Nf3 d6 3. d4 cxd4 4. Nxd4 Nf6 5. Nc3 g6 6. Be3 Bg7 7. f3 O-O 8. Qd2
Nc6 9. Bc4 Nxd4 10. Bxd4 Be6 11. Bb3 Qa5 12. O-O-O Rfc8 13. Kb1 Bxb3 14. cxb3
b5 15. Bxf6 Bxf6 16. Nd5 Qxd2 17. Nxf6+ Kg7 18. Nh5+ gxh5 19. Rxd2 a6 20. Rd5
Kg6 21. f4 h6 22. Rc1 Rxc1+ 23. Kxc1 Rc8+ 24. Kd2 Rc6 25. h4 e6 26. f5+ Kf6 27.
fxe6 fxe6 28. Rxh5 Kg6 29. g4 Rc8 30. a4 bxa4 31. bxa4 e5 32. b3 Re8 33. Kc3 a5
34. Rf5 Rb8 35. g5 hxg5 36. hxg5 Rb6 37. Kc4 Rb4+ 38. Kd5 Rd4+ 39. Kc6 Rxe4 40.
Rf6+ Kxg5 41. Rxd6 Rb4 42. Rd5 Kf4 43. Rxa5 1/2-1/2

[Event "17. Open de Sants Hostafrancs 2015"]
[Site "Barcelona ESP"]
[Date "2015.08.28"]
[Round "8.69"]
[White "Bru Rullo, Llatzer"]
[Black "Flores De Paco, David"]
[Result "1/2-1/2"]
[WhiteElo "2208"]
[BlackElo "1969"]
[PlyCount "68"]
[EventDate "2015.08.21"]
[EventType "swiss"]
[EventRounds "10"]
[EventCountry "ESP"]
[SourceTitle "Ajedrez en Madrid"]
[Source "lmi"]
[SourceDate "2015.08.21"]

1. Nf3 f5 2. c4 Nf6 3. g3 g6 4. Bg2 Bg7 5. O-O O-O 6. Nc3 d6 7. d4 Qe8 8. d5 e5
9. dxe6 Bxe6 10. Nd4 c6 11. Qb3 Rf7 12. Nxe6 Qxe6 13. Qd1 Ne4 14. Nxe4 fxe4 15.
Qc2 d5 16. Rd1 Na6 17. Rb1 Qf5 18. Be3 Re8 19. cxd5 cxd5 20. Qd2 Rd7 21. Bd4
Bf8 22. Qf4 Qxf4 23. gxf4 b6 24. Be5 Rdd8 25. Rd4 Nb4 26. Bf6 Nc6 27. Rdd1 Rd6
28. Bd4 Nxd4 29. Rxd4 Bg7 30. Ra4 d4 31. Rd1 d3 32. exd3 exd3 33. Re4 Rc8 34.
Bf1 d2 1/2-1/2

[Event "17. Open de Sants Hostafrancs 2015"]
[Site "Barcelona ESP"]
[Date "2015.08.28"]
[Round "8.70"]
[White "Roussey, Quentin"]
[Black "Povill Claros, Xavier"]
[Result "1/2-1/2"]
[WhiteElo "1965"]
[BlackElo "2200"]
[PlyCount "105"]
[EventDate "2015.08.21"]
[EventType "swiss"]
[EventRounds "10"]
[EventCountry "ESP"]
[SourceTitle "Ajedrez en Madrid"]
[Source "lmi"]
[SourceDate "2015.08.21"]

1. e4 c6 2. d4 d5 3. Nc3 dxe4 4. Nxe4 Bf5 5. Ng3 Bg6 6. h4 h6 7. Bc4 e6 8. N1e2
Nf6 9. Nf4 Bh7 10. O-O Bd6 11. Ngh5 O-O 12. Re1 Nxh5 13. Nxh5 Qxh4 14. g3 Qe7
15. Qg4 Bg6 16. Bxh6 gxh6 17. Rxe6 fxe6 18. Qxg6+ Kh8 19. Qxh6+ Qh7 20. Qxh7+
Kxh7 21. Re1 Kg6 22. Rxe6+ Kxh5 23. Rxd6 Na6 24. f4 Kg4 25. Kf2 Rh8 26. Be6+
Kh5 27. Kf3 Kh6 28. Bc8+ Kg7 29. Bxb7 Rad8 30. Rxd8 Rxd8 31. Bxa6 Rxd4 32. Bd3
Ra4 33. a3 c5 34. Bb5 Rd4 35. b3 Rd1 36. g4 Rc1 37. Bd3 c4 38. bxc4 Ra1 39. Ke4
Rxa3 40. c5 Ra4+ 41. Kd5 Kf7 42. Kc6 Ke7 43. Kb7 Rxf4 44. c6 Rb4+ 45. Kxa7 Kd6
46. g5 Kxc6 47. g6 Ra4+ 48. Kb8 Rf4 49. Ba6 Rg4 50. Bd3 Rf4 51. c4 Kc5 52. Kc7
Rg4 53. Kd7 1/2-1/2

[Event "17. Open de Sants Hostafrancs 2015"]
[Site "Barcelona ESP"]
[Date "2015.08.29"]
[Round "9.1"]
[White "Vocaturo, Daniele"]
[Black "Dvirnyy, Danyyil"]
[Result "1/2-1/2"]
[WhiteElo "2578"]
[BlackElo "2545"]
[PlyCount "75"]
[EventDate "2015.08.21"]
[EventType "swiss"]
[EventRounds "10"]
[EventCountry "ESP"]
[SourceTitle "Ajedrez en Madrid"]
[Source "lmi"]
[SourceDate "2015.08.21"]
[WhiteClock "0:29:20"]
[BlackClock "0:15:02"]

1. d4 d5 2. c4 c6 3. Nf3 Nf6 4. Nc3 dxc4 5. a4 Bf5 6. Ne5 Nbd7 7. Nxc4 Nb6 8.
Ne5 a5 9. h4 Nbd7 10. Qb3 Nxe5 11. dxe5 Nd7 12. e4 Be6 13. Qxb7 Nxe5 14. f4 Rb8
15. Qa7 Nd7 16. f5 Bb3 17. Bf4 Ra8 18. Qb7 e5 19. Bg5 f6 20. Qxb3 Nc5 21. Qc4
fxg5 22. Rd1 Qe7 23. Be2 g4 24. Bxg4 Qf7 25. Qxf7+ Kxf7 26. Bh5+ g6 27. Be2
gxf5 28. Bh5+ Kf6 29. exf5 Rb8 30. g4 e4 31. Rh2 Ke5 32. Kf1 Be7 33. Re1 Rb4
34. Ree2 Rd8 35. Bf7 Rf8 36. Bh5 Rd8 37. Bf7 Rf8 38. Bh5 1/2-1/2

[Event "17. Open de Sants Hostafrancs 2015"]
[Site "Barcelona ESP"]
[Date "2015.08.29"]
[Round "9.2"]
[White "Blomqvist, Erik"]
[Black "Libiszewski, Fabien"]
[Result "1-0"]
[WhiteElo "2508"]
[BlackElo "2533"]
[PlyCount "101"]
[EventDate "2015.08.21"]
[EventType "swiss"]
[EventRounds "10"]
[EventCountry "ESP"]
[SourceTitle "Ajedrez en Madrid"]
[Source "lmi"]
[SourceDate "2015.08.21"]
[WhiteClock "0:06:07"]
[BlackClock "0:30:19"]

1. e4 e6 2. d4 d5 3. Nd2 Be7 4. Ngf3 Nf6 5. Bd3 c5 6. e5 Nfd7 7. c3 Nc6 8. O-O
g5 9. dxc5 g4 10. Nd4 Ndxe5 11. N2b3 Nxd3 12. Qxd3 e5 13. Nxc6 bxc6 14. Bh6 f6
15. Bg7 Rg8 16. Qxh7 Be6 17. f4 e4 18. Nd4 Qd7 19. Qh6 Bxc5 20. Bxf6 Bf5 21.
Qh5+ Rg6 22. Rf2 Bxd4 23. cxd4 Qe6 24. Be5 O-O-O 25. Rc1 Rf8 26. Rfc2 e3 27.
Qxg6 Qxg6 28. Rxc6+ Qxc6 29. Rxc6+ Kb7 30. Rc3 Rc8 31. Rxe3 Rc2 32. Rb3+ Kc6
33. Rc3+ Rxc3 34. bxc3 Kb5 35. Bc7 Kc4 36. Ba5 Kb5 37. Bb4 a5 38. Bc5 Kc4 39.
Bb6 Kxc3 40. Bxa5+ Kxd4 41. Kf2 Ke4 42. Kg3 Bd7 43. Bd2 Kf5 44. h3 gxh3 45.
Kxh3 d4 46. Kh4 Kf6 47. g4 Kg6 48. Bc1 Ba4 49. Bb2 d3 50. Bc3 Bd7 51. a3 1-0